000
00286 a2200109 4500
000
nam a22 7a 4500
005
20251203111007.0
100
_a
Dajvi, Ali
_9
853996
245
_a
Mausua al-sanaat al-zaraiyat wa ghazaiya wa al-baiyat
260
_b
Madbouly books
_c
2008
942
_c
TB
999
_c
1465770
_d
1465770